00506nam a2200193 a 4500001001300000003000900013005001700022008004100039020001000080082001600090100001600106245005500122260003800177300000800215500003500223505001700258650002100275700001600296nice12345678IN_TiNIC20260116011459.0050524s1947 lona grp 000 0 eng  ac10000a922.97bPEA aPearlman, M aMufti of Jerusalemb Story of Haj Amin El Husseini aLondonbVictor Gollancz Ltdc1947 a91p aincludes index and biblioraphy2 aBibliography aAmin El Husseini1 aPearlman, M